| 000 | 00807nam a22002775a 4500 | ||
|---|---|---|---|
| 005 | 20201128013205.0 | ||
| 008 | 090305r2004 enk||||fr|||| 001 0 eng d | ||
| 010 | _a 2003053665 | ||
| 020 | _a0130461091 | ||
| 020 | _a9780130461094 | ||
| 040 |
_aEG-ScBUE _beng _cEG-ScBUE |
||
| 082 | 0 | 4 |
_a004.019 _222 _bHUM |
| 245 | 0 | 0 |
_aHuman-computer interaction / _cAlan Dix ... [et al.] |
| 250 | _a3rd ed. | ||
| 260 |
_aEngland : _bPearson Prentice Hall, _c2004. |
||
| 300 |
_axxv, 834 p. : _bill.; _c24 cm. |
||
| 500 | _aIndex : p. 818-834. | ||
| 504 | _aBibliography : p. 791-815. | ||
| 650 | 0 |
_aHuman-computer interaction. _933348 _2BUEsh |
|
| 650 | 0 |
_aSystem design _2BUEsh |
|
| 651 | _2BUEsh | ||
| 653 |
_bCOMSCI _cAugust2015 |
||
| 655 |
_vtext book _933728 |
||
| 700 | 1 |
_tDix, Alan. _92232 |
|
| 942 |
_cBB _2ddc |
||
| 999 |
_c211 _d211 |
||